Lizzie McGuire Movie, The : (Record no. 15474)
[ view plain ]
| 000 -LEADER | |
|---|---|
| fixed length control field | 02649nam a22004097a 4500 |
| 003 - CONTROL NUMBER IDENTIFIER | |
| control field | dpl |
| 005 - DATE AND TIME OF LATEST TRANSACTION | |
| control field | 20080911114410.0 |
| 008 - FIXED-LENGTH DATA ELEMENTS--GENERAL INFORMATION | |
| fixed length control field | 080911t xxu||||| |||| 00| 0 eng d |
| 010 ## - LIBRARY OF CONGRESS CONTROL NUMBER | |
| LC control number | DVD-000351-353 DVD-000948-950 |
| 024 ## - OTHER STANDARD IDENTIFIER | |
| Source of number or code | 00P70 |
| Terms of availability | 499.00 |
| 035 ## - SYSTEM CONTROL NUMBER | |
| System control number | DVD-000351-353 DVD-000948-950 |
| 040 ## - CATALOGING SOURCE | |
| Original cataloging agency | DPL |
| Transcribing agency | DPL |
| 082 ## - DEWEY DECIMAL CLASSIFICATION NUMBER | |
| Classification number | DVD / LIZZ |
| 245 ## - TITLE STATEMENT | |
| Title | Lizzie McGuire Movie, The : |
| Statement of responsibility, etc | Walt Disney Pictures Presents |
| Medium | [videorecording] (DVD)/ |
| Remainder of title | From Ordinary Girl to International Pop Star |
| 260 ## - PUBLICATION, DISTRIBUTION, ETC. (IMPRINT) | |
| Place of publication, distribution, etc | Burbank, CA |
| Name of publisher, distributor, etc | Walt Disney Home Entertainment |
| 300 ## - PHYSICAL DESCRIPTION | |
| Extent | 1 Videodiscs (94 min.): |
| Other physical details | sd., col.; |
| Dimensions | 4 3/4 in. |
| Type of unit | DVD |
| 500 ## - GENERAL NOTE | |
| General note | Bonus Features: The Lizzie McGuire Costing Session, Hilary's Roman Adventure, Hilary Duff Music Video:"WhyNot", In the Recording Studio with Hilary, Roamin Volare, Off the Cutting Room Floor |
| 500 ## - GENERAL NOTE | |
| General note | Sole Distributor in India M/s Excel Productions Audio Visuals Pvt. Ltd. |
| 500 ## - GENERAL NOTE | |
| General note | The Hilarious Comedy starring Hollywood's hottest teen, Hilary Duff |
| 538 ## - SYSTEM DETAILS NOTE | |
| System details note | Dolby Digital 5.1-English, Thai Subtitles: English,Chinese,Korean, Thai, Bahasa |
| 538 ## - SYSTEM DETAILS NOTE | |
| System details note | Aspect Ratio:1.85.1, Presentation Type: Widescreen, Presentation Size 16x9, Formation: DVD 9- Dual Layer Single sided Disc, |
| 650 ## - SUBJECT ADDED ENTRY--TOPICAL TERM | |
| Source of heading or term | Motion picture |
| 700 ## - ADDED ENTRY--PERSONAL NAME | |
| Personal name | Duff, Hilary |
| 700 ## - ADDED ENTRY--PERSONAL NAME | |
| Personal name | Rogow, Stain |
| 700 ## - ADDED ENTRY--PERSONAL NAME | |
| Personal name | Lamberg,Adam |
| 700 ## - ADDED ENTRY--PERSONAL NAME | |
| Personal name | Crradine, Robert |
| 700 ## - ADDED ENTRY--PERSONAL NAME | |
| Personal name | Thomas, Jake |
| 700 ## - ADDED ENTRY--PERSONAL NAME | |
| Personal name | Lurie, Elliot |
| 942 ## - ADDED ENTRY ELEMENTS (KOHA) | |
| Source of classification or shelving scheme | Dewey Decimal Classification |
| Koha item type | CD-ROMs, DVDs, VHS |
| Classification part | DVD |
| Call number suffix | LIZZ |
| Withdrawn status | Lost status | Source of classification or shelving scheme | Damaged status | Not for loan | Home library | Current library | Date acquired | Source of acquisition | Cost, normal purchase price | Total Checkouts | Full call number | Barcode | Date last seen | Date checked out | Copy number | Cost, replacement price | Price effective from | Koha item type | Total Renewals |
|---|---|---|---|---|---|---|---|---|---|---|---|---|---|---|---|---|---|---|---|
| Dewey Decimal Classification | Central Library | Central Library | 11/09/2008 | Purchase | 499.00 | 15 | DVD LIZZ | DVD-000351 | 12/11/2013 | 24/10/2013 | 1 | 499.00 | 15/09/2008 | CD-ROMs, DVDs, VHS | |||||
| Dewey Decimal Classification | Central Library | Central Library | 15/10/2008 | Purchase | 499.00 | 10 | DVD LIZZ | DVD-000948 | 19/03/2011 | 07/03/2011 | 1 | 499.00 | 15/10/2008 | CD-ROMs, DVDs, VHS | |||||
| Dewey Decimal Classification | Patel Nagar | Patel Nagar | 11/09/2008 | Purchase | 499.00 | 7 | DVD LIZZ | DVD-000353 | 26/07/2010 | 26/05/2010 | 1 | 499.00 | 15/09/2008 | CD-ROMs, DVDs, VHS | |||||
| Dewey Decimal Classification | Patel Nagar | Patel Nagar | 15/10/2008 | Purchase | 499.00 | 8 | DVD LIZZ | DVD-000950 | 06/06/2012 | 23/05/2012 | 1 | 499.00 | 15/10/2008 | CD-ROMs, DVDs, VHS | |||||
| Dewey Decimal Classification | Sarojini Nagar | Sarojini Nagar | 11/09/2008 | Purchase | 499.00 | 6 | DVD LIZZ | DVD-000352 | 07/08/2013 | 27/07/2013 | 1 | 499.00 | 15/09/2008 | CD-ROMs, DVDs, VHS | |||||
| Dewey Decimal Classification | Sarojini Nagar | Sarojini Nagar | 15/10/2008 | Purchase | 499.00 | 6 | DVD LIZZ | DVD-000949 | 15/03/2014 | 10/03/2014 | 1 | 499.00 | 15/10/2008 | CD-ROMs, DVDs, VHS | 1 |
